Statistics for I'm Yours by Jason Mraz - Lyrics

Click here to take the quiz!

General Stats

  • This quiz has been taken 853 times
    (316 since last reset)
  • The average score is 34 of 49

Answer Stats

I'm Yours by Jason Mraz% Correct
I tried to be chill but you're so {hot} that I melted
97%
{I'm} {yours}
90%
{I'm} {yours}
90%
{I'm} {yours}
90%
It cannot {wait}
89%
It cannot {wait}
89%
It cannot {wait}
89%
Look into your heart and you'll {find} love, love, love, love
89%
No more, {no} {more}
88%
No more, {no} {more}
88%
No more, {no} {more}
88%
Now I'm trying {to} {get} {back}
88%
Well you done done me and you bet {I} {felt} {it}
88%
We're just one {big} {family}
86%
But I won't {hesitate}
84%
But I won't {hesitate}
84%
I'm {yours}
84%
So I won't {hesitate}
84%
Open up your plans and damn {you're} {free}
82%
Open up your plans and damn {you're} {free}
82%
I'll be giving it my {bestest}
78%
And it's our God-forsaken {right} to be loved, loved, loved, loved, loved
77%
Well open up {your} {mind} and see like me
75%
I fell right {through} {the} {cracks}
74%
To win some or {learn} {some}
73%
And nothing's gonna stop me but {divine} {intervention}
67%
There's no need to {complicate}
67%
There's no need to {complicate}
67%
Our time is {short}
63%
Before the cool dawn {run} {out}
62%
I'm {sure}
62%
This is our {fate}
62%
This oh, this oh, this is our {fate}
62%
And bending over backwards {just} {to} {try} to see it clearer
61%
But my breath {fogged} {up} the glass
60%
Well open up your {mind} and see like me
60%
Our name is our {virtue}
58%
Do you want to come on, scootch on over {closer} dear
53%
So please don't, please don't, {please} {don't}
52%
It's what we {aim} {to} {do}
51%
I've been spending {way} {too} {long} checking my tongue in the mirror
51%
I reckon it's {again} {my} {turn}
50%
And so I {drew} {a} {new} {face} and I laughed
48%
Listen to the {music} {of} {the} {moment}, people dance and sing
48%
And I will {nibble} {your} {ear}
47%
'Cause our time {is} {short}
47%
I guess what I'll be saying is {there} {ain't} {no} {better} {reason}
46%
Look into your heart and you'll find that {the} {sky} {is} {yours}
45%
To rid yourself of {vanities} and just go with the seasons
34%

Score Distribution

Percentile by Number Answered

Percent of People with Each Score

Your Score History

You have not taken this quiz since the last reset